De regreso : (Record no. 15732)

MARC details
000 -LEADER
campo de control de longitud fija 01146nam a2200277 i 4500
001 - NÚMERO DE CONTROL
campo de control 15732
003 - IDENTIFICADOR DE NÚMERO DE CONTROL
campo de control ES-MaACL
005 - FECHA Y HORA DE LA ÚLTIMA TRANSACCIÓN
campo de control 20250817063113.0
007 - CAMPO FIJO DE DESCRIPCIÓN FÍSICA--INFORMACIÓN GENERAL
campo de control de longitud fija t|
008 - DATOS DE LONGITUD FIJA--INFORMACIÓN GENERAL
campo de control de longitud fija 000505e1998 sp a |r s00|00|spa j
017 ## - NÚMERO DE COPYRIGHT O DE DEPÓSITO LEGAL
Número de copyright o de depósito legal AS 3779-1998
Agencia que asigna Oficina Depósito Legal Asturias
040 ## - FUENTE DE CATALOGACIÓN
Centro catalogador/agencia de origen M-BN
Lengua de catalogación spa
Centro/agencia transcriptor M-BN
080 ## - NÚMERO DE LA CLASIFICACIÓN DECIMAL UNIVERSAL
Número de la Clasificación Decimal Universal 73.036(460.12)(064.3)
245 00 - MENCIÓN DEL TÍTULO
Título De regreso :
Resto del título [exposición] (escultores asturianos en 10 años del Museo Barjola) : 18 diciembre 1998-31 enero 1999 /
Mención de responsabilidad, etc. [Amador ... et al.]
260 ## - PUBLICACIÓN, DISTRIBUCIÓN, ETC.
Lugar de publicación, distribución, etc. [Oviedo] :
Nombre del editor, distribuidor, etc. Servicio de Publicaciones del Principado de Asturias,
Fecha de publicación, distribución, etc. [1998]
300 ## - DESCRIPCIÓN FÍSICA
Extensión 116 páginas :
Otras características físicas ilustraciones (color) ;
Dimensiones 23 cm
650 #4 - PUNTO DE ACCESO ADICIONAL DE MATERIA--TÉRMINO DE MATERIA
Término de materia o nombre geográfico como elemento de entrada Escultura-
Subdivisión geográfica Asturias (Comunidad Autónoma)-
Subdivisión cronológica S.XX-
Subdivisión de forma Exposiciones
9 (RLIN) 241801
655 #7 - TERMINO DE INDIZACIÓN--GENERO/FORMA
Datos o término principal de género/forma Catálogos de exposiciones
Fuente del término tgfbne
9 (RLIN) 193628
700 1# - ENTRADA AGREGADA--NOMBRE PERSONAL
Nombre de persona Rodríguez, Amador,
Fechas asociadas al nombre 1926-2001
Término indicativo de función/relación Autor
9 (RLIN) 98207
710 2# - ENTRADA AGREGADA--NOMBRE DE ENTIDAD CORPORATIVA
Nombre de entidad corporativa o nombre de jurisdicción como elemento de entrada Museo Juan Barjola
Término indicativo de función/relación Sede
9 (RLIN) 5886
710 1# - ENTRADA AGREGADA--NOMBRE DE ENTIDAD CORPORATIVA
Nombre de entidad corporativa o nombre de jurisdicción como elemento de entrada Asturias (Comunidad Autónoma).
Unidad subordinada Servicio de Publicaciones
Término indicativo de función/relación Editor
9 (RLIN) 1837
852 4# - LOCALIZACIÓN
Ubicación ES-MaACL
Sublocalización o colección R.126974
Ubicación en estantería Depósito 2
Número de control de estantería L-23123
942 ## - ELEMENTOS DE ENTRADA SECUNDARIOS (KOHA)
Fuente del sistema de clasificación o colocación Clasificación decimal universal
Tipo de ítem Koha Libro impreso
Suprimir en OPAC No
Holdings
Estatus retirado Estado de pérdida Estado de daño No para préstamo Biblioteca de origen Biblioteca actual Ubicación en estantería Fecha de adquisición Fuente de adquisición Total de préstamos Signatura topográfica completa Código de barras Visto por última vez Precio de reemplazo Tipo de ítem Koha
        Biblioteca del Ateneo de Madrid Biblioteca del Ateneo de Madrid Depósito 2 17/01/2008     L-23123 1015991 23/02/2023 23/02/2023 Libro impreso